[Event "Deva tt"]
[Site "Deva"]
[Date "1999.??.??"]
[Round "?"]
[White "Berintan, Teodora"]
[Black "Duduca, Cr"]
[Result "0-1"]
[WhiteElo "1605"]
[BlackElo "1800"]
[PlyCount "138"]
[EventDate "1999.07.??"]
[EventType "team"]
[EventRounds "9"]
[EventCountry "ROU"]
[SourceTitle "EXT 2004"]
[Source "ChessBase"]
[SourceDate "2003.11.25"]
[SourceVersion "1"]
[SourceVersionDate "2003.11.25"]
[SourceQuality "1"]

1. d4 d5 2. c4 e6 3. Nf3 Nf6 4. Bg5 c6 5. e3 Nbd7 6. Nc3 Bb4 7. cxd5 Qa5 8. Qb3 Ne4 9. Rc1 exd5 10. Bf4 Ndf6 11. Bd3 h6 12. h3 g5 13. Be5 Rg8 14. a3 Be7 15. Nh2 Nd7 16. Bxe4 Nxe5 17. Bb1 Nc4 18. Ng4 Rh8 19. Ke2 f5 20. Nh2 b5 21. Bd3 Qc7 22. Qc2 Qd7 23. g4 fxg4 24. hxg4 Qd6 25. Rcg1 Rf8 26. Rg3 Qf6 27. Nd1 Bd6 28. Rh3 Bxh2 29. R3xh2 Bxg4+ 30. Ke1 h5 31. Bg6+ Kd7 32. Bxh5 Bxd1 33. Bxd1 Rae8 34. Bg4+ Kc7 35. Qc3 Rh8 36. b3 Rxh2 37. Rxh2 Nb6 38. Rh7+ Re7 39. Qd3 a5 40. Ke2 a4 41. bxa4 Nxa4 42. Qf5 Qxf5 43. Rxe7+ Kd6 44. Bxf5 Kxe7 45. Kf3 Nb6 46. Bc2 Nc4 47. a4 b4 48. Ke2 Kd6 49. Kd3 Na5 50. Bd1 c5 51. dxc5+ Kxc5 52. f4 gxf4 53. exf4 Nc4 54. Bb3 Na5 55. Bc2 Nc4 56. Bb3 Na5 57. Bd1 Nc6 58. Bb3 d4 59. f5 Ne5+ 60. Ke4 Nc4 61. f6 Nb6 62. f7 Nd7 63. Bc2 Kc4 64. Bd3+ Kc3 65. a5 b3 66. a6 b2 67. a7 Nc5+ 68. Kd5 Nxd3 69. a8Q b1Q 0-1

[Event "Deva tt"]
[Site "Deva"]
[Date "1999.??.??"]
[Round "?"]
[White "Bonte, Andrei Mihai"]
[Black "Duduca, Cr"]
[Result "0-1"]
[WhiteElo "2189"]
[BlackElo "1800"]
[PlyCount "60"]
[EventDate "1999.07.??"]
[EventType "team"]
[EventRounds "9"]
[EventCountry "ROU"]
[SourceTitle "EXT 2004"]
[Source "ChessBase"]
[SourceDate "2003.11.25"]
[SourceVersion "1"]
[SourceVersionDate "2003.11.25"]
[SourceQuality "1"]

1. e4 c6 2. d3 d5 3. Nd2 e5 4. Ngf3 Bd6 5. g3 Ne7 6. Bg2 f6 7. c3 Be6 8. d4 Nd7 9. dxe5 Nxe5 10. Qc2 Qc7 11. Nxe5 fxe5 12. c4 dxc4 13. Nxc4 Bb4+ 14. Nd2 0-0 15. 0-0 Ng6 16. Nf3 h6 17. Be3 b6 18. a3 Bd6 19. Nd2 Rac8 20. h4 Qf7 21. Kh2 c5 22. Rfd1 Ne7 23. Bh3 Bxh3 24. Kxh3 Qg6 25. Nc4 Bb8 26. Rd2 Nc6 27. Rad1 Nd4 28. Bxd4 exd4 29. a4 Rxf2 30. g4 Rf3+ 0-1

[Event "Deva tt"]
[Site "Deva"]
[Date "1999.??.??"]
[Round "?"]
[White "Urcan, Olimpiu"]
[Black "Duduca, Cr"]
[Result "1-0"]
[WhiteElo "2160"]
[BlackElo "1800"]
[PlyCount "91"]
[EventDate "1999.07.??"]
[EventType "team"]
[EventRounds "9"]
[EventCountry "ROU"]
[SourceTitle "EXT 2004"]
[Source "ChessBase"]
[SourceDate "2003.11.25"]
[SourceVersion "1"]
[SourceVersionDate "2003.11.25"]
[SourceQuality "1"]

1. d4 d5 2. Nf3 Nf6 3. Bg5 e6 4. e3 c6 5. c3 Nbd7 6. Nbd2 h6 7. Bh4 Be7 8. Bd3 b6 9. 0-0 Bb7 10. Qe2 c5 11. a4 Ne4 12. Bxe7 Qxe7 13. a5 Nxd2 14. Nxd2 c4 15. Bc2 b5 16. e4 dxe4 17. Nxe4 a6 18. Rfe1 0-0 19. f4 Bc6 20. Ng3 Qh4 21. Rf1 Nf6 22. Ne4 Nxe4 23. Bxe4 Bxe4 24. Qxe4 g6 25. Rf3 Kg7 26. Rh3 Qf6 27. g4 Rfd8 28. Rxh6 Rh8 29. g5 Qf5 30. Qxf5 gxf5 31. Rxh8 Rxh8 32. Kg2 Kg6 33. Kg3 Rd8 34. Re1 Rb8 35. Re5 Rd8 36. Rc5 Ra8 37. Rc6 Kg7 38. h4 Ra7 39. h5 Kh7 40. Kf3 Kg7 41. Ke3 Kh7 42. Kd2 Kg7 43. Kc2 Kf8 44. b3 cxb3+ 45. Kxb3 Ke7 46. Rc8 1-0

[Event "Deva tt"]
[Site "Deva"]
[Date "1998.??.??"]
[Round "1"]
[White "Duduca, Cr"]
[Black "Butunoi, Victor"]
[Result "0-1"]
[WhiteElo "1770"]
[BlackElo "2175"]
[PlyCount "71"]
[EventDate "1998.07.??"]
[EventType "team"]
[EventRounds "9"]
[EventCountry "ROU"]
[SourceTitle "EXT 2004"]
[Source "ChessBase"]
[SourceDate "2003.11.25"]
[SourceVersion "1"]
[SourceVersionDate "2003.11.25"]
[SourceQuality "1"]

1. e4 c5 2. Nf3 d6 3. d4 cxd4 4. Nxd4 Nf6 5. Nc3 a6 6. Be3 Ng4 7. Bc1 Nc6 8. f3 Nge5 9. Be3 Nxd4 10. Qxd4 e6 11. Be2 Nc6 12. Qd2 Qc7 13. g4 Be7 14. h4 b5 15. g5 b4 16. Na4 Rb8 17. 0-0-0 Bd7 18. b3 Na7 19. Bxa7 Qxa7 20. Nb2 Bb5 21. Nc4 Bxc4 22. Bxc4 a5 23. f4 0-0 24. f5 Qd7 25. Qf4 Rfe8 26. f6 Bf8 27. fxg7 Bxg7 28. Rxd6 Qc7 29. e5 Qc5 30. Re1 Rbd8 31. Rxd8 Rxd8 32. h5 Qd4 33. Qxd4 Rxd4 34. g6 Rg4 35. gxf7+ Kxf7 36. Bd3 0-1

[Event "Deva tt"]
[Site "Deva"]
[Date "1998.??.??"]
[Round "5"]
[White "Rusan, Paul Cristian"]
[Black "Duduca, Cr"]
[Result "1-0"]
[WhiteElo "2175"]
[BlackElo "1770"]
[PlyCount "79"]
[EventDate "1998.07.??"]
[EventType "team"]
[EventRounds "9"]
[EventCountry "ROU"]
[SourceTitle "EXT 2004"]
[Source "ChessBase"]
[SourceDate "2003.11.25"]
[SourceVersion "1"]
[SourceVersionDate "2003.11.25"]
[SourceQuality "1"]

1. Nf3 d5 2. g3 c5 3. Bg2 Nc6 4. 0-0 e5 5. d3 f6 6. Nbd2 Be6 7. c4 Qd7 8. Qa4 Nge7 9. a3 Nc8 10. cxd5 Bxd5 11. Ne4 Nb6 12. Qc2 Bxe4 13. dxe4 Qe6 14. b3 Be7 15. e3 0-0 16. Nh4 Rfd8 17. Bd2 Nd7 18. Rfb1 b5 19. Bf1 a6 20. a4 Rab8 21. axb5 axb5 22. Ra6 Rb7 23. Nf5 Bf8 24. Bh3 Kh8 25. Kg2 g6 26. Nh4 Qd6 27. Ba5 Ndb8 28. Bxd8 Nxa6 29. Rd1 Qb8 30. Bxf6+ Bg7 31. Bxg7+ Kxg7 32. f4 c4 33. bxc4 b4 34. Nf3 Nc5 35. Qb2 b3 36. Ng5 Na4 37. Ne6+ Kh8 38. Qa3 Nc3 39. Rd8+ Qxd8 40. Nxd8 1-0